000
00326nam a2200121Ia 4500
008
190802s9999 xx 000 0 und d
020
_a
978-81-265-6217-6
100
_a
Michael T.Goodrich
245
0
_a
Data Structures and Algorithms in Python
260
_a
New Delhi
_b
Wiley Blackwell
_c
2013
300
_a
748:p
942
_c
BK
999
_c
2291
_d
2291